<?xml version="1.0" encoding="UTF-8"?>
<collection xmlns="http://www.loc.gov/MARC21/slim">
 <record>
  <leader>01720nam a2200253 a 4500</leader>
  <controlfield tag="001">1/51771</controlfield>
  <controlfield tag="008">210318s2014####gr ld    b    001 | gre d</controlfield>
  <datafield tag="020" ind1=" " ind2=" ">
   <subfield code="a">9786188153707</subfield>
  </datafield>
  <datafield tag="040" ind1=" " ind2=" ">
   <subfield code="a">GR-PeUP</subfield>
  </datafield>
  <datafield tag="082" ind1="0" ind2="0">
   <subfield code="a">670.427 ΤΣΟ</subfield>
  </datafield>
  <datafield tag="100" ind1="1" ind2=" ">
   <subfield code="a">Τσουρβελούδης, Νικόλαος.</subfield>
  </datafield>
  <datafield tag="245" ind1="0" ind2="0">
   <subfield code="a">Τεχνολογίες παραγωγής / </subfield>
   <subfield code="c">Νικόλαος Τσουρβελούδης, Ιωάννης Νικολός.</subfield>
  </datafield>
  <datafield tag="250" ind1=" " ind2=" ">
   <subfield code="a">3η έκδ.</subfield>
  </datafield>
  <datafield tag="260" ind1=" " ind2=" ">
   <subfield code="a">Χανιά : </subfield>
   <subfield code="b">Εκδόσεις Πολυτεχνείου Κρήτης, </subfield>
   <subfield code="c">2020.</subfield>
  </datafield>
  <datafield tag="300" ind1=" " ind2=" ">
   <subfield code="a">xvii, 386 σ. : </subfield>
   <subfield code="b">σχ., πίν. (μερ. έγχρ.) ;</subfield>
   <subfield code="c">24 εκ.</subfield>
  </datafield>
  <datafield tag="500" ind1=" " ind2=" ">
   <subfield code="a">Περιεχόμενα: Κεφ. 1: Εισαγωγή -- Κεφ. 2: Δομή των μετάλλων -- Κεφ. 3: Μηχανική συμπεριφορά των υλικών -- Κεφ. 4: Χύτευση -- Κεφ. 5: Κατεργασίες παραμόρφωσης -- Κεφ. 6: Κοπή -- Κεφ. 7: Συγκολλήσεις -- Κεφ. 8: Εργαλειομηχανές ελεγχόμενες με Η/Υ -- Κεφ. 9: Βιομηχανική ευελιξία.</subfield>
  </datafield>
  <datafield tag="504" ind1=" " ind2=" ">
   <subfield code="a">Περιλαμβάνει βιβλιογραφικές παραπομπές (σ. 377-378) και ευρετήριο.</subfield>
  </datafield>
  <datafield tag="650" ind1=" " ind2="4">
   <subfield code="a">Έλεγχος παραγωγής</subfield>
   <subfield code="x">Αυτοματισμοί.</subfield>
  </datafield>
  <datafield tag="650" ind1=" " ind2="4">
   <subfield code="a">Διαχείριση παραγωγής</subfield>
   <subfield code="x">Ποιοτικός έλεγχος.</subfield>
  </datafield>
  <datafield tag="650" ind1=" " ind2="4">
   <subfield code="a">Production control</subfield>
   <subfield code="x">Automation.</subfield>
  </datafield>
  <datafield tag="650" ind1=" " ind2="4">
   <subfield code="a">Manufacturing processes</subfield>
   <subfield code="x">Automation.</subfield>
  </datafield>
  <datafield tag="700" ind1="1" ind2=" ">
   <subfield code="a">Νικολός, Ιωάννης Κ.</subfield>
  </datafield>
  <datafield tag="852" ind1=" " ind2=" ">
   <subfield code="a">INST</subfield>
   <subfield code="b">UNIPILB</subfield>
   <subfield code="c">MAIN</subfield>
   <subfield code="e">20210318</subfield>
   <subfield code="h">670.427 ΤΣΟ</subfield>
   <subfield code="p">00185001</subfield>
   <subfield code="q">00185001</subfield>
   <subfield code="t">LOAN</subfield>
   <subfield code="y">0</subfield>
   <subfield code="4">1</subfield>
  </datafield>
  <datafield tag="852" ind1=" " ind2=" ">
   <subfield code="a">INST</subfield>
   <subfield code="b">UNIPILB</subfield>
   <subfield code="c">MAIN</subfield>
   <subfield code="e">20210318</subfield>
   <subfield code="h">670.427 ΤΣΟ</subfield>
   <subfield code="p">00185002</subfield>
   <subfield code="q">00185002</subfield>
   <subfield code="t">LOAN</subfield>
   <subfield code="y">0</subfield>
   <subfield code="4">2</subfield>
  </datafield>
 </record>
</collection>
